000 01040cas a2200253 a 4500
005 20180803170117.0
008 991221c19999999ck qr p r 0 0a0spa d
022 _a0124-583X
040 _ahm
_chm
_dCO-BoIAVH
041 0 _aspa
044 _ack
090 _aSE
245 0 0 _aFlora capital /
_cJardín Botánico de Bogotá José Celestino Mutis
260 _aSanta Fe de Bogotá :
_bJardín Botánico de Bogotá José Celestino Mutis,
_c1999-.
300 _bilustraciones ;
_c25 cm.
310 _aq
610 2 4 _aJardín Botánico de Bogotá José Celestino Mutis
_vPublicaciones periódicas
_987447
650 2 6 _aJardines botánicos
_zColombia
_vPublicaciones periódicas
650 2 4 _aArboricultura
_zBogotá (Colombia)
_vPublicaciones periódicas
650 2 6 _aProtección ambiental
_zBogotá (Colombia)
_vPublicaciones periódicas
650 2 6 _aBotánica
_zBogotá (Colombia)
_vPublicaciones periódicas
710 2 _aJardín Botánico de Bogotá José Celestino Mutis
942 _2z
_cREVISTA
999 _c16906
_d16906